Maremoto electoral en 2004: El Salvador /
El artículo analiza las elecciones salvadoreñas de marzo de 2004, y sus previsibles resultados a la luz de las diferentes mediaciones de opinión pública realizadas meses antes. La característica sobresaliente de este evento electoral fue más bien el nivel de participación registrada
Spremljeno u:
| Glavni autor: | |
|---|---|
| Format: | Tekst |
| Teme: | |
| Oznake: |
Dodaj oznaku
Bez oznaka, Budi prvi tko označuje ovaj zapis!
|
MARC
| LEADER | 00000 a a2200000 04500 | ||
|---|---|---|---|
| 001 | 10750 | ||
| 003 | |||
| 040 | |||
| 100 | |a Artiga González, Alvaro | ||
| 245 | |a Maremoto electoral en 2004: |b El Salvador / |c Alvaro Artiga González | ||
| 520 | |a El artículo analiza las elecciones salvadoreñas de marzo de 2004, y sus previsibles resultados a la luz de las diferentes mediaciones de opinión pública realizadas meses antes. La característica sobresaliente de este evento electoral fue más bien el nivel de participación registrada | ||
| 650 | |a COMPORTAMIENTO POLITICO | ||
| 650 | |a ELECCIONES | ||
| 650 | |a VOTACION | ||
| 773 | |g número 192; páginas 12-22 | ||
| 999 | |c 36167 |d 36167 | ||
